[Event "Oberliga Ost-A 1819"]
[Site "Germany"]
[Date "2019.03.24"]
[Round "9.6"]
[White "Just, Wolfgang"]
[Black "Oehl, Tim"]
[Result "0-1"]
[WhiteElo "2110"]
[BlackElo "2138"]
[PlyCount "88"]
[EventDate "2018.10.21"]
[EventType "team-tourn"]
[EventRounds "11"]
[EventCountry "GER"]
[SourceTitle "EXT 2020"]
[Source "ChessBase"]
[SourceDate "2019.10.17"]
[SourceVersion "1"]
[SourceVersionDate "2019.10.17"]
[SourceQuality "1"]
[WhiteTeam "Leipzig VfB"]
[BlackTeam "Dresden USV TU II"]
[WhiteTeamCountry "GER"]
[BlackTeamCountry "GER"]

1. f4 d5 2. Nf3 g6 3. e3 Bg7 4. d4 Nf6 5. c4 e6 6. Nc3 0-0 7. Be2 b6 8. 0-0 Bb7 9. Ne5 Nfd7 10. Bd2 f6 11. Nf3 c6 12. Rc1 f5 13. Be1 Nf6 14. Bh4 Qe8 15. Ne5 Nbd7 16. b4 dxc4 17. Nxc4 Qe7 18. Qb3 Rfe8 19. Ne5 Qd6 20. b5 c5 21. Bxf6 Nxf6 22. dxc5 Qxc5 23. Nc4 Rac8 24. Na4 Qc7 25. Qb1 Qe7 26. Rfd1 Bd5 27. Ne5 Qa3 28. Nb2 Qxe3+ 29. Kf1 Qxf4+ 30. Nf3 Ng4 31. Nd3 Nxh2+ 32. Kg1 Nxf3+ 33. Bxf3 Qe3+ 34. Kh2 Bd4 35. Rxc8 Rxc8 36. Re1 Qh6+ 37. Kg3 Qg5+ 38. Kh3 Bxf3 39. gxf3 f4 40. Nxf4 Qxf4 41. Qb3 Qf5+ 42. Kg3 Be5+ 43. Kf2 Rc2+ 44. Re2 Rc3 0-1

[Event "Oberliga Ost-A 1819"]
[Site "Germany"]
[Date "2018.12.16"]
[Round "5.6"]
[White "Oehl, Tim"]
[Black "Hoffmann, Hendrik"]
[Result "0-1"]
[WhiteElo "2138"]
[BlackElo "2265"]
[PlyCount "96"]
[EventDate "2018.10.21"]
[EventType "team-tourn"]
[EventRounds "11"]
[EventCountry "GER"]
[SourceTitle "EXT 2020"]
[Source "ChessBase"]
[SourceDate "2019.10.17"]
[SourceVersion "1"]
[SourceVersionDate "2019.10.17"]
[SourceQuality "1"]
[WhiteTeam "Dresden USV TU II"]
[BlackTeam "Leipzig SG"]
[WhiteTeamCountry "GER"]
[BlackTeamCountry "GER"]

1. c4 e6 2. g3 d5 3. Bg2 Nf6 4. Nf3 c5 5. 0-0 Nc6 6. d3 Be7 7. b3 0-0 8. Na3 Re8 9. Nc2 h6 10. e3 e5 11. d4 e4 12. Ne5 cxd4 13. Nxc6 bxc6 14. Nxd4 Qb6 15. Qc2 c5 16. Nb5 Ba6 17. a4 Rad8 18. Re1 d4 19. Bb2 d3 20. Qd2 Bc8 21. a5 Qb8 22. a6 Bd7 23. Ra5 Rc8 24. f4 exf3 25. Bxf3 Bd8 26. Bb7 Ne4 27. Bxe4 Rxe4 28. Ra4 Rg4 29. Kf2 Bf5 30. Ra3 Rc6 31. Nc3 Rcg6 32. Rg1 h5 33. e4 Bxe4 34. Nxe4 Rxe4 35. Qxd3 Bf6 36. Ra2 Bxb2 37. Rxb2 Qe5 38. Ra2 Rd6 39. Qc2 h4 40. Rd1 Qf5+ 41. Kg2 h3+ 42. Kg1 Qe5 43. Rf1 Re1 44. Qf2 Rxf1+ 45. Qxf1 Qe3+ 46. Kh1 Rf6 47. Qd1 Qxb3 48. Rc2 Qxc2 0-1

[Event "Oberliga Ost-A 1819"]
[Site "Germany"]
[Date "2018.12.15"]
[Round "4.6"]
[White "Roemling, Sven"]
[Black "Oehl, Tim"]
[Result "1-0"]
[WhiteElo "2126"]
[BlackElo "2138"]
[PlyCount "67"]
[EventDate "2018.10.21"]
[EventType "team-tourn"]
[EventRounds "11"]
[EventCountry "GER"]
[SourceTitle "EXT 2020"]
[Source "ChessBase"]
[SourceDate "2019.10.17"]
[SourceVersion "1"]
[SourceVersionDate "2019.10.17"]
[SourceQuality "1"]
[WhiteTeam "Leipzig SG II"]
[BlackTeam "Dresden USV TU II"]
[WhiteTeamCountry "GER"]
[BlackTeamCountry "GER"]

1. d4 e6 2. Nf3 f5 3. g3 Nf6 4. Bg2 Be7 5. 0-0 0-0 6. c4 d6 7. Qc2 Nc6 8. Rd1 a5 9. Nc3 Qe8 10. e4 e5 11. exf5 Qh5 12. Bg5 h6 13. dxe5 dxe5 14. Bxf6 Bxf6 15. Qb3 Qxf5 16. Rf1 Nd4 17. Nxd4 exd4 18. Nd5 a4 19. Qa3 c6 20. Nf4 Qg5 21. Rae1 Rd8 22. Nd3 Qa5 23. Re4 Bf5 24. Re2 Rab8 25. Rfe1 Qc7 26. Be4 Bxe4 27. Rxe4 b5 28. Qc5 Qf7 29. Re6 Qg6 30. Nf4 Qc2 31. Qh5 bxc4 32. Rxf6 Rxb2 33. Ne6 Rb1 34. Qf7+ 1-0

[Event "Oberliga Ost-A 1819"]
[Site "Germany"]
[Date "2018.11.11"]
[Round "3.6"]
[White "Woellermann, Jan"]
[Black "Oehl, Tim"]
[Result "1-0"]
[WhiteElo "2347"]
[BlackElo "2138"]
[PlyCount "141"]
[EventDate "2018.10.21"]
[EventType "team-tourn"]
[EventRounds "11"]
[EventCountry "GER"]
[SourceTitle "EXT 2020"]
[Source "ChessBase"]
[SourceDate "2019.10.17"]
[SourceVersion "1"]
[SourceVersionDate "2019.10.17"]
[SourceQuality "1"]
[WhiteTeam "Magdeburg Aufbau Elbe"]
[BlackTeam "Dresden USV TU II"]
[WhiteTeamCountry "GER"]
[BlackTeamCountry "GER"]

1. d4 e6 2. c4 f5 3. Nc3 Nf6 4. Qc2 b6 5. e3 Bb7 6. f3 Bb4 7. Bd3 Nc6 8. Nge2 0-0 9. Bd2 a6 10. 0-0 h6 11. a3 Bxc3 12. Bxc3 Qe8 13. Rae1 d6 14. Nf4 Nd8 15. d5 e5 16. Bxf5 exf4 17. exf4 Qf7 18. Bg6 Qd7 19. Bf5 Qf7 20. Bg6 Qd7 21. Re2 Nf7 22. Bxf6 gxf6 23. Rfe1 Ne5 24. fxe5 fxe5 25. Re4 Rf6 26. Rg4 Kh8 27. Qd2 Qg7 28. Bf5 Qe7 29. Be6 Raf8 30. Qf2 Bc8 31. Bxc8 Rxc8 32. Qh4 Qf7 33. Qh3 Rf8 34. Rh4 Kh7 35. Rhe4 a5 36. b3 Qg6 37. Qd7+ R8f7 38. Qg4 Qg5 39. Qxg5 hxg5 40. h4 Kh6 41. hxg5+ Kxg5 42. Rg4+ Kf5 43. Rg8 Rg6 44. Rh8 Rfg7 45. Rf8+ Rf6 46. Rxf6+ Kxf6 47. Re4 Rh7 48. g3 Kf5 49. Kg2 Rg7 50. Rh4 Re7 51. Kf2 Rg7 52. Rh8 Kg5 53. b4 axb4 54. axb4 Kf6 55. Rc8 Rh7 56. Ke3 Rg7 57. Ke4 Rh7 58. c5 bxc5 59. bxc5 dxc5 60. Rf8+ Kg6 61. Re8 Rh1 62. Re6+ Kf7 63. Rc6 Re1+ 64. Kf5 Re3 65. Rxc7+ Ke8 66. d6 Kd8 67. Ra7 e4 68. fxe4 Rxg3 69. Ke6 Rg6+ 70. Kd5 c4 71. Rc7 1-0

[Event "Oberliga Ost-A 1819"]
[Site "Germany"]
[Date "2018.11.10"]
[Round "2.5"]
[White "Niering, Martin"]
[Black "Oehl, Tim"]
[Result "1/2-1/2"]
[WhiteElo "2198"]
[BlackElo "2138"]
[PlyCount "149"]
[EventDate "2018.10.21"]
[EventType "team-tourn"]
[EventRounds "11"]
[EventCountry "GER"]
[SourceTitle "EXT 2020"]
[Source "ChessBase"]
[SourceDate "2019.10.17"]
[SourceVersion "1"]
[SourceVersionDate "2019.10.17"]
[SourceQuality "1"]
[WhiteTeam "Magdeburg Rochade"]
[BlackTeam "Dresden USV TU II"]
[WhiteTeamCountry "GER"]
[BlackTeamCountry "GER"]

1. e4 e6 2. d4 d5 3. Nc3 Bb4 4. e5 Ne7 5. a3 Bxc3+ 6. bxc3 c5 7. a4 Qa5 8. Bd2 Nbc6 9. Nf3 Bd7 10. Bb5 a6 11. Be2 c4 12. 0-0 0-0 13. Qb1 Rab8 14. Qb2 f6 15. exf6 Rxf6 16. Rfb1 Be8 17. Bg5 Rf7 18. Bf1 h6 19. Bxe7 Rxe7 20. Qa3 Qc7 21. Re1 Bg6 22. Ne5 Bxc2 23. f3 Rbe8 24. g3 Bf5 25. Bg2 b5 26. Nxc6 Qxc6 27. axb5 axb5 28. Re5 Rb7 29. Qb4 Rf8 30. g4 Bd3 31. Rae1 Rf6 32. f4 Rbf7 33. f5 Be4 34. Bxe4 dxe4 35. Qxb5 Qxb5 36. Rxb5 exf5 37. Rxf5 Rxf5 38. gxf5 Rxf5 39. Rxe4 Rf3 40. Re5 Rxc3 41. Rc5 Kf7 42. Rc6 Ke7 43. Kg2 h5 44. h4 Kd7 45. d5 Ke7 46. Kh2 Rc1 47. Kg2 c3 48. Kh2 c2 49. Kg2 Kd7 50. Kh2 Ke8 51. Kg2 Kf7 52. Kh2 Rd1 53. Rxc2 Rxd5 54. Rc6 Rd4 55. Kh3 Re4 56. Ra6 Re6 57. Ra5 g6 58. Ra3 Re4 59. Ra6 Re6 60. Ra3 Kf6 61. Rf3+ Ke5 62. Rf1 Rd6 63. Re1+ Kf4 64. Rf1+ Ke3 65. Kg3 Rd4 66. Re1+ Kd2 67. Re6 Rg4+ 68. Kh3 Kd3 69. Ra6 Ke2 70. Ra2+ Kf1 71. Ra1+ Kf2 72. Ra2+ Kf3 73. Ra3+ Kf4 74. Ra4+ Kf3 75. Ra3+ 1/2-1/2

[Event "Oberliga Ost-A 1617"]
[Site "Germany"]
[Date "2016.11.19"]
[Round "2.8"]
[White "Hoffmann, Hendrik"]
[Black "Oehl, Tim"]
[Result "1/2-1/2"]
[WhiteElo "2298"]
[BlackElo "2126"]
[PlyCount "65"]
[EventDate "2016.10.16"]
[EventType "team-tourn"]
[EventRounds "11"]
[EventCountry "GER"]
[SourceTitle "EXT 2018"]
[Source "ChessBase"]
[SourceDate "2017.10.13"]
[SourceVersion "1"]
[SourceVersionDate "2017.10.13"]
[SourceQuality "1"]
[WhiteTeam "Leipzig SG"]
[BlackTeam "Dresden USV TU II"]
[WhiteTeamCountry "GER"]
[BlackTeamCountry "GER"]

1. e4 e6 2. d4 d5 3. Nd2 Nf6 4. e5 Nfd7 5. Bd3 c5 6. c3 Nc6 7. Ne2 cxd4 8. cxd4 f6 9. exf6 Nxf6 10. 0-0 Bd6 11. Nf3 Qc7 12. Bg5 0-0 13. Rc1 h6 14. Bh4 Nh5 15. Bg6 Rxf3 16. Bxh5 Rf5 17. Bg6 Bxh2+ 18. Kh1 Bd6 19. Bxf5 exf5 20. Nc3 Qf7 21. f4 g5 22. Bg3 Bd7 23. Re1 Ne7 24. Qf3 Rf8 25. Re2 g4 26. Qf2 Ng6 27. Rce1 Rc8 28. Re3 Kf8 29. Bh2 a6 30. g3 h5 31. Kg1 Bb8 32. Kh1 Bd6 33. Kg1 1/2-1/2

[Event "Oberliga Ost-A 1415"]
[Site "Germany"]
[Date "2015.03.15"]
[Round "9.7"]
[White "Oehl, Tim"]
[Black "Heinemann, Josefine"]
[Result "0-1"]
[WhiteElo "2120"]
[BlackElo "2043"]
[PlyCount "98"]
[EventDate "2014.09.21"]
[EventType "team-tourn"]
[EventRounds "11"]
[EventCountry "GER"]
[SourceTitle "EXT 2016"]
[Source "ChessBase"]
[SourceDate "2015.10.08"]
[SourceVersion "1"]
[SourceVersionDate "2015.10.08"]
[SourceQuality "1"]
[WhiteTeam "Dresden USV TU II"]
[BlackTeam "Magdeburg Aufbau Elbe"]
[WhiteTeamCountry "GER"]
[BlackTeamCountry "GER"]

1. Nf3 Nf6 2. c4 g6 3. Nc3 d5 4. cxd5 Nxd5 5. e4 Nxc3 6. dxc3 Qxd1+ 7. Kxd1 Nd7 8. Bf4 c6 9. Kc2 Nc5 10. Nd2 f6 11. f3 e5 12. Be3 Bd7 13. Bc4 b5 14. Be2 Kd8 15. Rhd1 Kc7 16. Nb3 Na4 17. Rd2 Be6 18. Rad1 Be7 19. g3 a6 20. Bg1 c5 21. c4 b4 22. Na1 Rhd8 23. Kb3 Nb6 24. Nc2 Bd7 25. Rxd7+ Rxd7 26. Rxd7+ Nxd7 27. Ne3 Nb6 28. Nd5+ Nxd5 29. cxd5 Kb6 30. Be3 f5 31. Kc4 Bd6 32. Bh6 Rg8 33. Kd3 f4 34. gxf4 exf4 35. Bg5 Be5 36. Kc2 h6 37. Be7 g5 38. d6 Kc6 39. Bc4 Rh8 40. Bxa6 Bxd6 41. Bf6 Rf8 42. e5 Kd5 43. exd6 Rxf6 44. d7 Rd6 45. Bb5 c4 46. a4 Kc5 47. h3 b3+ 48. Kc1 Rd4 49. Kb1 Rd1# 0-1

[Event "Dresden ZMD op 23rd"]
[Site "Dresden"]
[Date "2014.08.15"]
[Round "1"]
[White "Dann, Matthias"]
[Black "Oehl, Tim"]
[Result "1/2-1/2"]
[WhiteElo "2464"]
[BlackElo "2120"]
[PlyCount "106"]
[EventDate "2014.08.15"]
[EventType "swiss"]
[EventRounds "9"]
[EventCountry "GER"]
[SourceTitle "CBM 161 Extra"]
[Source "ChessBase"]
[SourceDate "2014.08.29"]
[SourceVersion "1"]
[SourceVersionDate "2014.08.29"]
[SourceQuality "1"]

1. c4 f5 2. g3 Nf6 3. Bg2 d6 4. Nc3 e5 5. d3 Be7 6. e4 Nc6 7. Nge2 0-0 8. h3 Be6 9. Nd5 fxe4 10. dxe4 Qd7 11. Be3 Na5 12. b3 c6 13. Nxf6+ Bxf6 14. Qd2 b6 15. Rd1 Rad8 16. g4 Rf7 17. Ng3 g6 18. 0-0 Qc7 19. g5 Be7 20. h4 Rdf8 21. Rc1 c5 22. f4 exf4 23. Rxf4 Nc6 24. Ne2 Ne5 25. Rcf1 Ng4 26. Rxf7 Rxf7 27. Rxf7 Bxf7 28. Bf4 Ne5 29. Nc3 Be6 30. Qe3 Bf8 31. Nd5 Bxd5 32. exd5 Bg7 33. Bh3 Qe7 34. Kg2 Kh8 35. Kg3 Qf8 36. Be6 Qe7 37. Kg2 Qf8 38. Bg3 Qe7 39. Qe2 Qe8 40. Be1 Qf8 41. Bd2 Qe8 42. a3 Qf8 43. b4 Qe7 44. b5 Nf7 45. a4 Bd4 46. Qf3 Kg7 47. a5 Ne5 48. Qe2 Qf8 49. axb6 axb6 50. Be1 Qf4 51. Bg3 Qc1 52. Bxe5+ Bxe5 53. Qa2 Qb2+ 1/2-1/2

[Event "Oberliga Ost-A 1213"]
[Site "Germany"]
[Date "2013.02.03"]
[Round "7.6"]
[White "Pfretzschner, Roland"]
[Black "Oehl, Tim"]
[Result "1-0"]
[WhiteElo "2264"]
[BlackElo "2088"]
[PlyCount "113"]
[EventDate "2012.10.14"]
[EventType "team-tourn"]
[EventRounds "11"]
[EventCountry "GER"]
[SourceTitle "EXT 2014"]
[Source "ChessBase"]
[SourceDate "2013.11.20"]
[SourceVersion "1"]
[SourceVersionDate "2013.11.20"]
[SourceQuality "1"]
[WhiteTeam "Plauen Koenig"]
[BlackTeam "Dresden USV II"]
[WhiteTeamCountry "GER"]
[BlackTeamCountry "GER"]

1. e4 e6 2. b3 d5 3. Bb2 Nf6 4. e5 Nfd7 5. Qg4 c5 6. f4 Nc6 7. Nf3 g6 8. Be2 Nb6 9. Na3 a6 10. 0-0 Bd7 11. Rac1 Bg7 12. d4 cxd4 13. Nxd4 0-0 14. Nxc6 Bxc6 15. Bd4 Nd7 16. Nb1 Qe7 17. Nd2 Rfc8 18. Rfd1 Qa3 19. c3 Qe7 20. Bd3 Rc7 21. h4 Rac8 22. Bb1 Bb5 23. Re1 a5 24. h5 a4 25. b4 Rc6 26. Re3 Nf8 27. Rh3 Ba6 28. Re1 R8c7 29. Ree3 Bb5 30. a3 Ba6 31. Nf3 Rc4 32. Kh2 Bb5 33. Bd3 Rxd4 34. Nxd4 Bxd3 35. Rxd3 Rc4 36. hxg6 hxg6 37. Qd1 Qd7 38. Rhf3 Rc8 39. Nc2 b5 40. Ne3 Qd8 41. Ng4 Nd7 42. Rh3 Rc4 43. Rd4 Rc8 44. Qe2 Qb6 45. Qe3 Qc7 46. Kh1 Qd8 47. Qg3 Qe7 48. Rh2 Kf8 49. Rh7 Qd8 50. Qh3 Kg8 51. Rd3 Qf8 52. Qh4 f5 53. Rh3 Kf7 54. Nf6 Rc7 55. Nxd7 Rxd7 56. Qf6+ Ke8 57. Qxg6+ 1-0

[Event "Dresden ZMD op-A 21st"]
[Site "Dresden"]
[Date "2012.08.22"]
[Round "5"]
[White "Oehl, Tim"]
[Black "Brinck Claussen, Bjorn"]
[Result "1/2-1/2"]
[WhiteElo "2004"]
[BlackElo "2023"]
[PlyCount "44"]
[EventDate "2012.08.18"]
[EventType "swiss"]
[EventRounds "9"]
[EventCountry "GER"]
[SourceTitle "CBM 150 Extra"]
[Source "ChessBase"]
[SourceDate "2012.10.19"]
[SourceVersion "1"]
[SourceVersionDate "2012.10.19"]
[SourceQuality "1"]

1. Nf3 c5 2. c4 Nc6 3. Nc3 g6 4. g3 Bg7 5. Bg2 e5 6. 0-0 Nge7 7. d3 0-0 8. e4 h6 9. Be3 d6 10. Qd2 Kh7 11. Ne1 g5 12. f4 gxf4 13. gxf4 f5 14. Nf3 exf4 15. Bxf4 Ng6 16. Bg3 f4 17. Bf2 Be6 18. Rab1 Qd7 19. Kh1 Nge5 20. Bg1 Rf7 21. Nd5 Raf8 22. b4 b6 1/2-1/2